| 000 | 00675nam a2200181 a 4500 | ||
|---|---|---|---|
| 001 | 000045075 | ||
| 005 | 20201002045846.0 | ||
| 008 | 150202s1990 it a 000 0 spa d | ||
| 020 | _a9253028696 | ||
| 040 |
_aDO-SdBNP _bspa _cBNPHU |
||
| 082 |
_axxxx _bxxxx |
||
| 100 | 1 |
_aSheng, T. C. _973085 |
|
| 245 | 1 | 0 |
_aConservación de suelos para los pequeños agricultores en las zonas tropicales húmedas / _cT. C. Sheng. |
| 260 |
_aRoma, Italia, : _bOrganización de las Naciones Unidas para la Agricultura y la Alimentación, _c1990. |
||
| 300 |
_aviii, 121 p. : _bil. ; _c30 cm. |
||
| 490 | 1 |
_aBoletin de suelos de la FAO _v60 |
|
| 830 | 0 |
_aBoletin de suelos de la FAO ; _n60 _973086 |
|
| 999 |
_c44564 _d44564 |
||